000
00458nam a2200157Ia 4500
008
100122s9999 xx 000 0 und d
082
_b
77366
_a
920.08
100
_a
गोडबोले श्या वि
245
_a
विश्वाचे अलंकार
250
_a
1
260
_c
1975
300
_a
104
630
_a
विश्वाचे अलंकार
730
_a
विश्वाचे अलंकार
942
_c
BOOK
999
_c
394404
_d
394401